Cash crop : (Record no. 15020)
[ view plain ]
| 000 -LEADER | |
|---|---|
| fixed length control field | 00712cam a2200229 a 4500 |
| 020 ## - INTERNATIONAL STANDARD BOOK NUMBER | |
| ISBN | 0961577304 (pbk.) : |
| 040 ## - CATALOGING SOURCE | |
| Transcribing agency | DLC |
| 082 00 - DEWEY DECIMAL CLASSIFICATION NUMBER | |
| Classification number | 633 SHA 1985 A054 Or. |
| 100 1# - MAIN ENTRY--AUTHOR NAME | |
| Personal name | Shaw, Mel, |
| 245 10 - TITLE STATEMENT | |
| Title | Cash crop : |
| Remainder of title | growing sinse-- the organic way / |
| 250 ## - EDITION STATEMENT | |
| Edition statement | 1st ed. |
| 260 ## - PUBLICATION, DISTRIBUTION, ETC. (IMPRINT) | |
| Place of publication | Marissa, Ill. : |
| Name of publisher | Shaw Pub., |
| Year of publication | c1985. |
| 300 ## - PHYSICAL DESCRIPTION | |
| Number of Pages | xii, 265 p. : |
| Other physical details | ill. ; |
| Dimensions | 22 cm. |
| 500 ## - GENERAL NOTE | |
| General note | Includes index. |
| 520 ## - SUMMARY, ETC. | |
| Summary, etc | Provides instructions for organically growing marihuana or other plants without the use of chemical fertilizers and poisonous sprays. |
| 650 #0 - SUBJECT ADDED ENTRY--TOPICAL TERM | |
| Topical Term | Cannabis. |
| 650 #0 - SUBJECT ADDED ENTRY--TOPICAL TERM | |
| Topical Term | Organic gardening. |
| 650 #1 - SUBJECT ADDED ENTRY--TOPICAL TERM | |
| Topical Term | Marijuana. |
| 650 #1 - SUBJECT ADDED ENTRY--TOPICAL TERM | |
| Topical Term | Organic gardening. |
| 650 #1 - SUBJECT ADDED ENTRY--TOPICAL TERM | |
| Topical Term | Gardening. |
| 942 ## - ADDED ENTRY ELEMENTS (KOHA) | |
| Koha item type | សៀវភៅភាសាអង់គ្លេស |
No items available.